000 00651nam a2200217 u 4500
005 20230602064033.0
008 170126s2006 eu r 000 0 spa d
020 _a1404265805
035 _aUPN01000215626
049 _aI
050 4 _aPZ8.7
_bH6.3
100 1 _aHoffman, Mary Ann,
_d1947-
_933606
245 1 1 _a¡Fiesta! /
_cMary Ann Hoffman ; tr. José María Obregón.
260 _aNew York :
_bRosen,
_cc2006.
300 _a8 p. :
_bprincipalmente il. col.
440 0 _aRosen classroom books & materíals
650 4 _aCUENTOS HUMORISTICOS
_911283
650 4 _aSocialización del niño
_93953
905 _aInfantil
999 _c187726
_d187726